<?xml version="1.0" encoding="UTF-8"?>
<record
    xmlns:xsi="http://www.w3.org/2001/XMLSchema-instance"
    xsi:schemaLocation="http://www.loc.gov/MARC21/slim http://www.loc.gov/standards/marcxml/schema/MARC21slim.xsd"
    xmlns="http://www.loc.gov/MARC21/slim">

  <leader>04916ncm0a2200433   4500</leader>
  <controlfield tag="001">RU\NLR\ONIZ\217371</controlfield>
  <controlfield tag="005">20250626062546.0</controlfield>
  <datafield tag="035" ind1=" " ind2=" ">
    <subfield code="a">(NLR Aleph) 011414868</subfield>
  </datafield>
  <datafield tag="090" ind1=" " ind2=" ">
    <subfield code="a">11578782</subfield>
    <subfield code="c">11578782</subfield>
  </datafield>
  <datafield tag="100" ind1=" " ind2=" ">
    <subfield code="a">20170511d2016    |||y0rusy50      ca</subfield>
  </datafield>
  <datafield tag="101" ind1="0" ind2=" ">
    <subfield code="a">rus</subfield>
  </datafield>
  <datafield tag="102" ind1=" " ind2=" ">
    <subfield code="a">RU</subfield>
  </datafield>
  <datafield tag="125" ind1=" " ind2=" ">
    <subfield code="a">ab</subfield>
  </datafield>
  <datafield tag="145" ind1="0" ind2=" ">
    <subfield code="a">b</subfield>
  </datafield>
  <datafield tag="200" ind1="1" ind2=" ">
    <subfield code="a">&#x412; &#x43B;&#x435;&#x441;&#x443; &#x440;&#x43E;&#x434;&#x438;&#x43B;&#x430;&#x441;&#x44C; &#x435;&#x43B;&#x43E;&#x447;&#x43A;&#x430;</subfield>
    <subfield code="b">&#x41D;&#x43E;&#x442;&#x44B;</subfield>
    <subfield code="e">4 &#x448;&#x443;&#x442;&#x43E;&#x447;&#x43D;&#x44B;&#x445; &#x43F;&#x44C;&#x435;&#x441;&#x44B;-&#x43A;&#x43E;&#x43B;&#x43B;&#x430;&#x436;&#x430;</subfield>
    <subfield code="e">[&#x434;&#x43B;&#x44F; &#x441;&#x43A;&#x440;&#x438;&#x43F;&#x43A;&#x438;, &#x432;&#x438;&#x43E;&#x43B;&#x43E;&#x43D;&#x447;&#x435;&#x43B;&#x438; &#x438; &#x444;&#x43F;.]</subfield>
    <subfield code="f">&#x410;. &#x41E;&#x440;&#x430;&#x442;&#x43E;&#x432;&#x441;&#x43A;&#x438;&#x439;</subfield>
  </datafield>
  <datafield tag="210" ind1=" " ind2=" ">
    <subfield code="a">&#x421;&#x430;&#x43D;&#x43A;&#x442;-&#x41F;&#x435;&#x442;&#x435;&#x440;&#x431;&#x443;&#x440;&#x433;</subfield>
    <subfield code="c">[&#x411;. &#x438;.]</subfield>
    <subfield code="d">2016</subfield>
  </datafield>
  <datafield tag="215" ind1=" " ind2=" ">
    <subfield code="a">37, [2] &#x441;., 2 &#x43F;&#x430;&#x440;&#x442;. (8, 8 &#x441;.)</subfield>
    <subfield code="c">&#x438;&#x43B;.</subfield>
    <subfield code="d">29 &#x441;&#x43C;</subfield>
  </datafield>
  <datafield tag="300" ind1=" " ind2=" ">
    <subfield code="a">&#x421;&#x43E;&#x434;&#x435;&#x440;&#x436;. &#x43D;&#x430; &#x442;&#x438;&#x442;. &#x43B;.</subfield>
  </datafield>
  <datafield tag="300" ind1=" " ind2=" ">
    <subfield code="a">&#x41B;&#x438;&#x442;. &#x442;&#x435;&#x43A;&#x441;&#x442; &#x438; &#x43F;&#x435;&#x440;&#x435;&#x447;&#x435;&#x43D;&#x44C; &#x43F;&#x440;&#x43E;&#x438;&#x437;&#x432;&#x435;&#x434;&#x435;&#x43D;&#x438;&#x439;, &#x432;&#x43E;&#x448;&#x435;&#x434;&#x448;&#x438;&#x445; &#x432; &#x43A;&#x43E;&#x43B;&#x43B;&#x430;&#x436;: &#x441;. [1-2]</subfield>
  </datafield>
  <datafield tag="313" ind1=" " ind2=" ">
    <subfield code="a">&#x421;&#x438;&#x441;&#x442;&#x435;&#x43C;&#x430;&#x442;&#x438;&#x437;&#x430;&#x446;&#x438;&#x44F; &#x434;&#x43E;&#x43A;&#x443;&#x43C;&#x435;&#x43D;&#x442;&#x430; &#x43F;&#x440;&#x43E;&#x432;&#x435;&#x434;&#x435;&#x43D;&#x430; &#x43F;&#x43E; &#x438;&#x437;&#x434;&#x430;&#x43D;&#x438;&#x44E; - &#x41C;&#x435;&#x442;&#x43E;&#x434;&#x438;&#x43A;&#x430; &#x43A;&#x43B;&#x430;&#x441;&#x441;&#x438;&#x444;&#x438;&#x446;&#x438;&#x440;&#x43E;&#x432;&#x430;&#x43D;&#x438;&#x44F; &#x43C;&#x443;&#x437;&#x44B;&#x43A;&#x430;&#x43B;&#x44C;&#x43D;&#x44B;&#x445; &#x43F;&#x440;&#x43E;&#x438;&#x437;&#x432;&#x435;&#x434;&#x435;&#x43D;&#x438;&#x439; (&#x43D;&#x43E;&#x442;&#x43D;&#x44B;&#x445; &#x438;&#x437;&#x434;&#x430;&#x43D;&#x438;&#x439;) &#x43F;&#x43E; &#x442;&#x430;&#x431;&#x43B;&#x438;&#x446;&#x430;&#x43C; &#x411;&#x438;&#x431;&#x43B;&#x438;&#x43E;&#x442;&#x435;&#x447;&#x43D;&#x43E;-&#x431;&#x438;&#x431;&#x43B;&#x438;&#x43E;&#x433;&#x440;&#x430;&#x444;&#x438;&#x447;&#x435;&#x441;&#x43A;&#x438;&#x445; &#x43A;&#x43B;&#x430;&#x441;&#x441;&#x438;&#x444;&#x438;&#x43A;&#x430;&#x446;&#x438;&#x439; : &#x43C;&#x435;&#x442;&#x43E;&#x434;. &#x440;&#x435;&#x43A;&#x43E;&#x43C;&#x435;&#x43D;&#x434;&#x430;&#x446;&#x438;&#x438; / &#x413;&#x43E;&#x441;. &#x431;-&#x43A;&#x430; &#x421;&#x421;&#x421;&#x420; &#x438;&#x43C;. &#x412;.&#x418;. &#x41B;&#x435;&#x43D;&#x438;&#x43D;&#x430;.- &#x41C;., 1977. &#x418;&#x43D;&#x434;&#x435;&#x43A;&#x441;&#x443; &#x411;&#x411;&#x41A; &#x43C;&#x435;&#x442;&#x43E;&#x434;&#x438;&#x447;&#x435;&#x441;&#x43A;&#x438;&#x445; &#x440;&#x435;&#x43A;&#x43E;&#x43C;&#x435;&#x43D;&#x434;&#x430;&#x446;&#x438;&#x439; &#x43F;&#x440;&#x438;&#x441;&#x432;&#x430;&#x438;&#x432;&#x430;&#x435;&#x442;&#x441;&#x44F; &#x43A;&#x43E;&#x434; &#x411;&#x411;&#x41A; &#x434;&#x43B;&#x44F; &#x43D;&#x430;&#x443;&#x447;&#x43D;&#x44B;&#x445; &#x431;&#x438;&#x431;&#x43B;&#x438;&#x43E;&#x442;&#x435;&#x43A; - LBC/SL</subfield>
  </datafield>
  <datafield tag="316" ind1=" " ind2=" ">
    <subfield code="6">b11899</subfield>
    <subfield code="a">&#x41D;&#x430; &#x442;&#x438;&#x442;. &#x43B;.: &#x430;&#x432;&#x442;&#x43E;&#x433;&#x440;&#x430;&#x444; &#x43A;&#x43E;&#x43C;&#x43F;&#x43E;&#x437;&#x438;&#x442;&#x43E;&#x440;&#x430;</subfield>
    <subfield code="5">NLR</subfield>
  </datafield>
  <datafield tag="327" ind1="1" ind2=" ">
    <subfield code="a">1. &#x412; &#x43B;&#x435;&#x441;&#x443; &#x440;&#x43E;&#x434;&#x438;&#x43B;&#x430;&#x441;&#x44C; &#x435;&#x43B;&#x43E;&#x447;&#x43A;&#x430; : (&#x43D;&#x43E;&#x432;&#x43E;&#x433;&#x43E;&#x434;&#x43D;&#x438;&#x439; &#x441;&#x43E;&#x43D; &#x443;&#x447;&#x435;&#x43D;&#x438;&#x43A;&#x430; &#x43C;&#x443;&#x437;&#x44B;&#x43A;&#x430;&#x43B;&#x44C;&#x43D;&#x43E;&#x439; &#x448;&#x43A;&#x43E;&#x43B;&#x44B;) / &#x43F;&#x435;&#x440;&#x435;&#x441;&#x43A;&#x430;&#x437;&#x430;&#x43B; &#x410;. &#x41E;&#x440;&#x430;&#x442;&#x43E;&#x432;&#x441;&#x43A;&#x438;&#x439;.</subfield>
    <subfield code="a">2. &#x41F;&#x43E;&#x43B;&#x435;&#x442; &#x448;&#x43C;&#x435;&#x43B;&#x44F; &#x43D;&#x430;&#x434; &#x433;&#x43D;&#x435;&#x437;&#x434;&#x43E;&#x43C; &#x43A;&#x443;&#x43A;&#x443;&#x448;&#x43A;&#x438; / &#x448;&#x43C;&#x435;&#x43B;&#x44C;: &#x41D;. &#x420;&#x438;&#x43C;&#x441;&#x43A;&#x438;&#x439;-&#x41A;&#x43E;&#x440;&#x441;&#x430;&#x43A;&#x43E;&#x432; ; &#x43F;&#x440;&#x43E;&#x43B;&#x435;&#x442;&#x430;&#x44E;&#x442;: &#x41B;. &#x414;&#x430;&#x43A;&#x435;&#x43D;, &#x41F;. &#x414;&#x44E;&#x43A;&#x430;, &#x41F;. &#x427;&#x430;&#x439;&#x43A;&#x43E;&#x432;&#x441;&#x43A;&#x438;&#x439;, &#x41D;. &#x41F;&#x430;&#x433;&#x430;&#x43D;&#x438;&#x43D;&#x438;, &#x420;. &#x412;&#x430;&#x433;&#x43D;&#x435;&#x440; ; &#x434;&#x438;&#x441;&#x43F;&#x435;&#x442;&#x447;&#x435;&#x440; &#x43F;&#x43E;&#x43B;&#x435;&#x442;&#x430;: &#x410;. &#x41E;&#x440;&#x430;&#x442;&#x43E;&#x432;&#x441;&#x43A;&#x438;&#x439;.</subfield>
    <subfield code="a">3. &#x41F;&#x440;&#x438;&#x432;&#x435;&#x442; &#x438;&#x437; &#x411;&#x43E;&#x43D;&#x43D;&#x430; / &#x43E;&#x442; &#x41B;. &#x432;&#x430;&#x43D; &#x411;&#x435;&#x442;&#x445;&#x43E;&#x432;&#x435;&#x43D;&#x430; ; &#x43F;&#x435;&#x440;&#x435;&#x434;&#x430;&#x43B; &#x410;. &#x41E;&#x440;&#x430;&#x442;&#x43E;&#x432;&#x441;&#x43A;&#x438;&#x439;, &#x445;&#x43E;&#x442;&#x44F; &#x411;&#x435;&#x442;&#x445;&#x43E;&#x432;&#x435;&#x43D; &#x435;&#x433;&#x43E; &#x43E;&#x431; &#x44D;&#x442;&#x43E;&#x43C; &#x438; &#x43D;&#x435; &#x43F;&#x440;&#x43E;&#x441;&#x438;&#x43B;.</subfield>
    <subfield code="a">4. &#x420;&#x443;&#x441;&#x441;&#x43A;&#x430;&#x44F; &#x43E;&#x43A;&#x440;&#x43E;&#x448;&#x43A;&#x430;</subfield>
  </datafield>
  <datafield tag="464" ind1=" " ind2="0">
    <subfield code="1">2001#$a&#x412; &#x43B;&#x435;&#x441;&#x443; &#x440;&#x43E;&#x434;&#x438;&#x43B;&#x430;&#x441;&#x44C; &#x435;&#x43B;&#x43E;&#x447;&#x43A;&#x430;$e(&#x43D;&#x43E;&#x432;&#x43E;&#x433;&#x43E;&#x434;&#x43D;&#x438;&#x439; &#x441;&#x43E;&#x43D; &#x443;&#x447;&#x435;&#x43D;&#x438;&#x43A;&#x430; &#x43C;&#x443;&#x437;&#x44B;&#x43A;&#x430;&#x43B;&#x44C;&#x43D;&#x43E;&#x439; &#x448;&#x43A;&#x43E;&#x43B;&#x44B;)$f&#x43F;&#x435;&#x440;&#x435;&#x441;&#x43A;&#x430;&#x437;&#x430;&#x43B; &#x410;. &#x41E;&#x440;&#x430;&#x442;&#x43E;&#x432;&#x441;&#x43A;&#x438;&#x439;</subfield>
    <subfield code="1">215##$a&#x421;.4-15</subfield>
    <subfield code="t">&#x412; &#x43B;&#x435;&#x441;&#x443; &#x440;&#x43E;&#x434;&#x438;&#x43B;&#x430;&#x441;&#x44C; &#x435;&#x43B;&#x43E;&#x447;&#x43A;&#x430;</subfield>
  </datafield>
  <datafield tag="464" ind1=" " ind2="0">
    <subfield code="1">2001#$a&#x41F;&#x43E;&#x43B;&#x435;&#x442; &#x448;&#x43C;&#x435;&#x43B;&#x44F; &#x43D;&#x430;&#x434; &#x433;&#x43D;&#x435;&#x437;&#x434;&#x43E;&#x43C; &#x43A;&#x443;&#x43A;&#x443;&#x448;&#x43A;&#x438;$f&#x448;&#x43C;&#x435;&#x43B;&#x44C;: &#x41D;. &#x420;&#x438;&#x43C;&#x441;&#x43A;&#x438;&#x439;-&#x41A;&#x43E;&#x440;&#x441;&#x430;&#x43A;&#x43E;&#x432;$g&#x43F;&#x440;&#x43E;&#x43B;&#x435;&#x442;&#x430;&#x44E;&#x442;: &#x41B;. &#x414;&#x430;&#x43A;&#x435;&#x43D;, &#x41F;. &#x414;&#x44E;&#x43A;&#x430;, &#x41F;. &#x427;&#x430;&#x439;&#x43A;&#x43E;&#x432;&#x441;&#x43A;&#x438;&#x439;, &#x41D;. &#x41F;&#x430;&#x433;&#x430;&#x43D;&#x438;&#x43D;&#x438;, &#x420;. &#x412;&#x430;&#x433;&#x43D;&#x435;&#x440;$g&#x434;&#x438;&#x441;&#x43F;&#x435;&#x442;&#x447;&#x435;&#x440; &#x43F;&#x43E;&#x43B;&#x435;&#x442;&#x430;: &#x410;. &#x41E;&#x440;&#x430;&#x442;&#x43E;&#x432;&#x441;&#x43A;&#x438;&#x439;</subfield>
    <subfield code="1">215##$a&#x421;.16-25</subfield>
    <subfield code="1">702#1$9z01790$a&#x420;&#x438;&#x43C;&#x441;&#x43A;&#x438;&#x439;-&#x41A;&#x43E;&#x440;&#x441;&#x430;&#x43A;&#x43E;&#x432;$b&#x41D;. &#x410;.$g&#x41D;&#x438;&#x43A;&#x43E;&#x43B;&#x430;&#x439; &#x410;&#x43D;&#x434;&#x440;&#x435;&#x435;&#x432;&#x438;&#x447;$f1844&#x2013;1908$4245$7ca</subfield>
    <subfield code="1">702#1$9z02790$a&#x414;&#x430;&#x43A;&#x435;&#x43D;$b&#x41B;.&#x41A;.$g&#x41B;&#x443;&#x438;-&#x41A;&#x43B;&#x43E;&#x434;$f1694-1772$4245$7ca</subfield>
    <subfield code="1">702#1$9z03790$a&#x414;&#x44E;&#x43A;&#x430;$b&#x41F;. &#x410;.$g&#x41F;&#x43E;&#x43B;&#x44C; &#x410;&#x431;&#x440;&#x430;&#x445;&#x430;&#x43C;$f1865-1935$4245$7ca</subfield>
    <subfield code="1">702#1$9z04790$a&#x427;&#x430;&#x439;&#x43A;&#x43E;&#x432;&#x441;&#x43A;&#x438;&#x439;$b&#x41F;. &#x418;.$g&#x41F;&#x435;&#x442;&#x440; &#x418;&#x43B;&#x44C;&#x438;&#x447;$f1840&#x2013;1893$4245$7ca</subfield>
    <subfield code="1">702#1$9z05790$a&#x41F;&#x430;&#x433;&#x430;&#x43D;&#x438;&#x43D;&#x438;$b&#x41D;.$g&#x41D;&#x438;&#x43A;&#x43E;&#x43B;&#x43E;$f1782-1840$4245$7ca</subfield>
    <subfield code="1">702#1$9z06790$a&#x412;&#x430;&#x433;&#x43D;&#x435;&#x440;$b&#x420;.$g&#x420;&#x438;&#x445;&#x430;&#x440;&#x434;$f1813-1883$4245$7ca</subfield>
    <subfield code="1">790#1$9z01702$aRimskij-Korsakov$bN. A.$gNicolaj Andreevich$f1844&#x2013;1908$4245$7ba</subfield>
    <subfield code="1">790#1$9z02702$aDaquin$bL.C.$gLouis-Claude$f1694-1772$4245$7ba</subfield>
    <subfield code="1">790#1$9z03702$aDukas$bP. A.$gPaul Abraham$f1865-1935$4245$7ba</subfield>
    <subfield code="1">790#1$9z04702$aTchaikovsky$bP. I.$gPeter Ilyich$f1840-1893$4245$7ba</subfield>
    <subfield code="1">790#1$9z05702$aPaganini$bN.$gNicol&#xF2;$f1782-1840$4245$7ba</subfield>
    <subfield code="1">790#1$9z06702$aWagner$bR.$gRichard$f1813-1883$4245$7ba</subfield>
    <subfield code="t">&#x41F;&#x43E;&#x43B;&#x435;&#x442; &#x448;&#x43C;&#x435;&#x43B;&#x44F; &#x43D;&#x430;&#x434; &#x433;&#x43D;&#x435;&#x437;&#x434;&#x43E;&#x43C; &#x43A;&#x443;&#x43A;&#x443;&#x448;&#x43A;&#x438;</subfield>
  </datafield>
  <datafield tag="464" ind1=" " ind2="0">
    <subfield code="1">2001#$a&#x41F;&#x440;&#x438;&#x432;&#x435;&#x442; &#x438;&#x437; &#x411;&#x43E;&#x43D;&#x43D;&#x430;$f&#x43E;&#x442; &#x41B;. &#x432;&#x430;&#x43D; &#x411;&#x435;&#x442;&#x445;&#x43E;&#x432;&#x435;&#x43D;&#x430;$g&#x43F;&#x435;&#x440;&#x435;&#x434;&#x430;&#x43B; &#x410;. &#x41E;&#x440;&#x430;&#x442;&#x43E;&#x432;&#x441;&#x43A;&#x438;&#x439;, &#x445;&#x43E;&#x442;&#x44F; &#x411;&#x435;&#x442;&#x445;&#x43E;&#x432;&#x435;&#x43D; &#x435;&#x433;&#x43E; &#x43E;&#x431; &#x44D;&#x442;&#x43E;&#x43C; &#x438; &#x43D;&#x435; &#x43F;&#x440;&#x43E;&#x441;&#x438;&#x43B;</subfield>
    <subfield code="1">215##$a&#x421;.26-31</subfield>
    <subfield code="1">702#1$9z01790$a&#x411;&#x435;&#x442;&#x445;&#x43E;&#x432;&#x435;&#x43D;$b&#x41B;. &#x432;&#x430;&#x43D;$g&#x41B;&#x44E;&#x434;&#x432;&#x438;&#x433; &#x432;&#x430;&#x43D;$f1770-1827$4245$7ca</subfield>
    <subfield code="1">790#1$9z01702$aBeethoven$bL. van$gLudwig van$f1770-1827$4245$7ba</subfield>
    <subfield code="t">&#x41F;&#x440;&#x438;&#x432;&#x435;&#x442; &#x438;&#x437; &#x411;&#x43E;&#x43D;&#x43D;&#x430;</subfield>
  </datafield>
  <datafield tag="464" ind1=" " ind2="0">
    <subfield code="1">2001#$a&#x420;&#x443;&#x441;&#x441;&#x43A;&#x430;&#x44F; &#x43E;&#x43A;&#x440;&#x43E;&#x448;&#x43A;&#x430;</subfield>
    <subfield code="1">215##$a&#x421;.32-37</subfield>
    <subfield code="t">&#x420;&#x443;&#x441;&#x441;&#x43A;&#x430;&#x44F; &#x43E;&#x43A;&#x440;&#x43E;&#x448;&#x43A;&#x430;</subfield>
  </datafield>
  <datafield tag="606" ind1="1" ind2=" ">
    <subfield code="a">&#x41C;&#x443;&#x437;&#x44B;&#x43A;&#x430;&#x43D;&#x442;&#x44B; &#x441;&#x43C;&#x435;&#x44E;&#x442;&#x441;&#x44F;</subfield>
    <subfield code="y">&#x420;&#x43E;&#x441;&#x441;&#x438;&#x44F;</subfield>
    <subfield code="z">20-21 &#x432;&#x432;.</subfield>
    <subfield code="j">&#x41D;&#x43E;&#x442;&#x44B;</subfield>
    <subfield code="2">nlr_sh</subfield>
  </datafield>
  <datafield tag="606" ind1="1" ind2=" ">
    <subfield code="a">&#x41F;&#x440;&#x43E;&#x438;&#x437;&#x432;&#x435;&#x434;&#x435;&#x43D;&#x438;&#x44F; &#x434;&#x43B;&#x44F; &#x441;&#x442;&#x440;&#x443;&#x43D;&#x43D;&#x43E;&#x433;&#x43E; &#x430;&#x43D;&#x441;&#x430;&#x43C;&#x431;&#x43B;&#x44F; &#x438; &#x444;&#x43E;&#x440;&#x442;&#x435;&#x43F;&#x438;&#x430;&#x43D;&#x43E;</subfield>
    <subfield code="j">&#x41D;&#x43E;&#x442;&#x44B;</subfield>
    <subfield code="2">nlr_sh</subfield>
  </datafield>
  <datafield tag="686" ind1=" " ind2=" ">
    <subfield code="a">&#x429;952.542.8(2&#x420;)&#x44F;44</subfield>
    <subfield code="v">LBC/SL</subfield>
    <subfield code="2">rubbk</subfield>
  </datafield>
  <datafield tag="700" ind1=" " ind2="1">
    <subfield code="9">z01790</subfield>
    <subfield code="a">&#x41E;&#x440;&#x430;&#x442;&#x43E;&#x432;&#x441;&#x43A;&#x438;&#x439;</subfield>
    <subfield code="b">&#x410;. &#x421;.</subfield>
    <subfield code="f">1950-</subfield>
    <subfield code="g">&#x410;&#x43B;&#x435;&#x43A;&#x441;&#x430;&#x43D;&#x434;&#x440; &#x421;&#x435;&#x43C;&#x451;&#x43D;&#x43E;&#x432;&#x438;&#x447;</subfield>
    <subfield code="4">030</subfield>
    <subfield code="7">ca</subfield>
  </datafield>
  <datafield tag="790" ind1=" " ind2="1">
    <subfield code="9">z01700</subfield>
    <subfield code="a">Oratovskij</subfield>
    <subfield code="b">A. S.</subfield>
    <subfield code="f">1950-</subfield>
    <subfield code="g">Aleksandr Semenovich</subfield>
    <subfield code="4">030</subfield>
    <subfield code="7">ba</subfield>
  </datafield>
  <datafield tag="801" ind1=" " ind2="0">
    <subfield code="a">RU</subfield>
    <subfield code="b">NLR</subfield>
    <subfield code="c">20170511</subfield>
    <subfield code="g">PSBO</subfield>
  </datafield>
  <datafield tag="801" ind1=" " ind2="1">
    <subfield code="a">RU</subfield>
    <subfield code="b">NLR</subfield>
    <subfield code="c">20170511</subfield>
    <subfield code="2">rusmarc</subfield>
  </datafield>
  <datafield tag="801" ind1=" " ind2="2">
    <subfield code="a">RU</subfield>
    <subfield code="b">NLR</subfield>
    <subfield code="c">20180917</subfield>
  </datafield>
  <datafield tag="852" ind1=" " ind2=" ">
    <subfield code="6">b11316</subfield>
    <subfield code="a">NLR</subfield>
    <subfield code="b">&#x41C;</subfield>
    <subfield code="j">986/787</subfield>
    <subfield code="p">258925</subfield>
    <subfield code="t">1</subfield>
  </datafield>
  <datafield tag="942" ind1=" " ind2=" ">
    <subfield code="c">SCORE</subfield>
  </datafield>
  <datafield tag="980" ind1=" " ind2=" ">
    <subfield code="a">NB</subfield>
  </datafield>
  <datafield tag="980" ind1=" " ind2=" ">
    <subfield code="a">ONIZ</subfield>
  </datafield>
  <datafield tag="995" ind1=" " ind2=" ">
    <subfield code="5">2017-05-11</subfield>
    <subfield code="b">NLR01</subfield>
    <subfield code="c">NLR01</subfield>
    <subfield code="e">ONIZ</subfield>
    <subfield code="k">986/787 986/787</subfield>
    <subfield code="o">0</subfield>
    <subfield code="r">SCORE</subfield>
    <subfield code="s">986787_986787</subfield>
  </datafield>
</record>
